les treize desserts de Noël - Statistiques

Statistiques générales
  • Ce quiz a été pris 283 fois
  • Le résultat moyen est 6 sur 13
Statistiques - réponses
Indice Dessert % Correct
Des agrumes Oranges, clémentines ou mandarines
85%
La spécialité de Montélimar Nougat blanc
80%
Le fruit d'un palmier Dattes
64%
La confiserie emblématique d'Aix-en-Provence Calissons d'Aix
59%
Un fruit sec Noix
54%
Un fruit pas sec du tout (spécialité de Cavaillon ?) Melon d'eau
52%
Un autre fruit séché, provenant d'un arbuste très cultivé en France Raisins secs
50%
Un fruit séché, provenant d'un bel arbre typiquement provençal Figues séchées
39%
Des fruits cuits dans du sucre Fruits confits
28%
Une pâte de fruits Pâte de coing
23%
La même chose, mais colorée par du miel caramélisé et des amandes grillées Nougat noir
20%
Un gâteau Pompe à huile ou fougasse
14%
La même chose, mais parfumée à la rose et aux pistaches Nougat rouge
5%
Aucun quiz correspondant
Distribution des résultats
% des personnes avec chaque résultat
Percentile par nombre de réponses
Votre historique - résultats
Vous n’avez pas pris ce quiz